Statistics for Crazy Ex-Girlfriend Plot to Character

Click here to take the quiz!

General Stats

  • This quiz has been taken 100 times
    (99 since last reset)
  • The average score is 14 of 15

Answer Stats

QuestionAnswer% Correct
... comes out as bisexual to his co-workers/employees?Darryl Whitefeather
100%
... marries his girlfriend so that he can get his toe fixed?Hector
99%
... poops his pants in his office?Nathaniel Plimpton III
99%
... sleeps with her ex-boyfriend's father?Rebecca Bunch
99%
... is revealed to be an alcoholic, before leaving West Covina?Greg Serrano
98%
... was used as a fake boyfriend for Rebecca but ended up becoming her stalker?Trent
98%
Which character do we see working as a tech retailer, 'fireman', catwalk model and bartender?Josh Chan
97%
... loses her friend's son in a nightclub?Rebecca Bunch
96%
... has an abortion to follow dream of attending law school?Paula Proctor
95%
... has Father Brah as their long lost love?Valencia Perez
95%
... wins the title of 'Miss Douche'?Heather Davis
89%
... is in a love triangle with her pet snake?Karen
88%
... had her own 'Josh Chan', Jeff Channington?Paula Proctor
88%
... dramatically finds out his partner uses a vibrator?Tim
86%
... really wants a kayak?Dr. Noelle Akopian
85%

Score Distribution

Percentile by Number Answered

Percent of People with Each Score

Your Score History

You have not taken this quiz since the last reset